[Event "XXVII Festival Conca della Presolana A"]
[Site "Bratto - Castione della Presolana ITA"]
[Date "2007.08.30"]
[Round "8"]
[White "Isonzo, David"]
[Black "Kilpatrick, Callum"]
[Result "0-1"]
[WhiteElo "2356"]
[BlackElo "2120"]
[PlyCount "84"]
[EventDate "2007.08.23"]

1. e4 e5 2. Nf3 Nc6 3. Bb5 a6 4. Bxc6 dxc6 5. O-O f6 6. d4 Bg4 7. dxe5 Qxd1 8.
Rxd1 fxe5 9. Bg5 h6 10. Bh4 Ne7 11. Rd3 Ng6 12. Bg3 Bd6 13. Nbd2 b5 14. Nh4
Nxh4 15. Bxh4 O-O 16. f3 Be6 17. Nb3 c5 18. Na5 c4 19. Rdd1 Rab8 20. Nc6 Rb6
21. Ne7+ Kf7 22. Nd5 Rbb8 23. a3 a5 24. Be1 c6 25. Ne3 Bc5 26. Kf2 Bd4 27. Rab1
b4 28. axb4 axb4 29. Ke2 c3 30. bxc3 bxc3 31. Kd3 Ra8 32. Ra1 Ba2 33. Rdc1 Ra3
34. Nc4 Ra4 35. Ne3 Rfa8 36. Bxc3 Ra3 37. Nd1 Bxc3 38. Nxc3 Bc4+ 39. Kxc4 Rxa1
40. Rxa1 Rxa1 41. Ne2 Re1 42. Kd3 Rh1 0-1

[Event "XXVII Festival Conca della Presolana A"]
[Site "Bratto - Castione della Presolana ITA"]
[Date "2007.08.30"]
[Round "8"]
[White "Lampl, Gerald"]
[Black "Brunello, Marina"]
[Result "1/2-1/2"]
[WhiteElo "2099"]
[BlackElo "1947"]
[PlyCount "55"]
[EventDate "2007.08.23"]

1. d4 d5 2. c4 e6 3. Nc3 Nf6 4. cxd5 exd5 5. Bg5 c6 6. e3 Bf5 7. Qf3 Bg6 8.
Bxf6 Qxf6 9. Qxf6 gxf6 10. Kd2 Nd7 11. Nge2 Bb4 12. a3 Bxc3+ 13. Nxc3 O-O 14.
h4 h6 15. Bd3 Bxd3 16. Kxd3 f5 17. Ne2 Kg7 18. Rac1 Nb6 19. b3 Nc8 20. Rh3 Nd6
21. f3 Rfe8 22. Nf4 Re7 23. Kd2 Rae8 24. Nh5+ Kg6 25. Nf4+ Kg7 26. Nh5+ Kg6 27.
Nf4+ Kh7 28. Nh5 1/2-1/2

[Event "XXVII Festival Conca della Presolana A"]
[Site "Bratto - Castione della Presolana ITA"]
[Date "2007.08.30"]
[Round "8"]
[White "Lanzani, Mario"]
[Black "Shytaj, Luca"]
[Result "1/2-1/2"]
[WhiteElo "2336"]
[BlackElo "2451"]
[PlyCount "35"]
[EventDate "2007.08.23"]

1. Nf3 c5 2. c4 Nc6 3. e3 Nf6 4. d4 cxd4 5. exd4 d5 6. Nc3 e6 7. cxd5 Nxd5 8.
Bd3 Be7 9. O-O O-O 10. a3 Bf6 11. Re1 Re8 12. Be4 Nde7 13. Be3 g6 14. Rc1 Bg7
15. b4 a6 16. Qd2 Bd7 17. Red1 Rc8 18. h3 1/2-1/2

[Event "XXVII Festival Conca della Presolana A"]
[Site "Bratto - Castione della Presolana ITA"]
[Date "2007.08.30"]
[Round "8"]
[White "Lapiccirella, Daniele"]
[Black "Borgo, Giulio"]
[Result "1/2-1/2"]
[WhiteElo "2164"]
[BlackElo "2421"]
[PlyCount "63"]
[EventDate "2007.08.23"]

1. d4 Nf6 2. c4 c5 3. dxc5 e6 4. Nc3 Bxc5 5. Nf3 O-O 6. e3 b6 7. Be2 Bb7 8. O-O
Qe7 9. b3 e5 10. Bb2 Re8 11. a3 e4 12. Nd4 Nc6 13. Ndb5 d5 14. b4 Bd6 15. cxd5
Ne5 16. Nxd6 Qxd6 17. Nb5 Qd7 18. d6 Nd5 19. Bxe5 Rxe5 20. Rc1 Rd8 21. Nxa7
Qxd6 22. Nb5 Qe7 23. Qb3 Ba6 24. Rfd1 Bxb5 25. Bxb5 Nc7 26. Rxd8+ Qxd8 27. Rd1
Qf6 28. Qc3 Ne6 29. Qc8+ Nf8 30. Rd8 Qe7 31. Re8 Qd6 32. Rd8 1/2-1/2

[Event "XXVII Festival Conca della Presolana A"]
[Site "Bratto - Castione della Presolana ITA"]
[Date "2007.08.30"]
[Round "8"]
[White "Maccagno, Giancarlo"]
[Black "Esplugas Esteve, Vicenc"]
[Result "1-0"]
[WhiteElo "2109"]
[BlackElo "2012"]
[PlyCount "119"]
[EventDate "2007.08.23"]

1. e4 e6 2. d4 d5 3. e5 c5 4. c3 Nc6 5. Nf3 Qb6 6. a3 c4 7. Nbd2 f6 8. Be2 fxe5
9. Nxe5 Nxe5 10. dxe5 Bc5 11. O-O Ne7 12. Bg4 O-O 13. Nf3 Ng6 14. Qe2 Nf4 15.
Bxf4 Rxf4 16. h3 Bd7 17. g3 Re4 18. Qc2 h6 19. Rae1 Rxe1 20. Rxe1 Rf8 21. Re2
Be8 22. Rd2 Bf7 23. h4 Qd8 24. Nd4 Qe8 25. b4 Bxd4 26. Rxd4 Bg6 27. Qd1 Qf7 28.
Rf4 Qe8 29. Qd4 Rxf4 30. Qxf4 Qf7 31. Qxf7+ Kxf7 32. Kf1 Bd3+ 33. Ke1 b6 34.
Kd2 Bb1 35. a4 Bd3 36. a5 Ke7 37. axb6 axb6 38. Ke3 Bb1 39. Kd4 Bc2 40. h5 Bd3
41. Bd1 Kf7 42. f4 g6 43. hxg6+ Kxg6 44. g4 Be4 45. Be2 Bg2 46. Ke3 Be4 47. Bf1
Bh1 48. Bh3 Be4 49. Kd4 Bf3 50. g5 hxg5 51. fxg5 Kf7 52. g6+ Kxg6 53. Bxe6 Bd1
54. Bxd5 Kf5 55. Bxc4 Bf3 56. Bd5 Bh5 57. Bb7 Bf7 58. Bc8+ Kf4 59. e6 Be8 60.
Bd7 1-0

[Event "XXVII Festival Conca della Presolana A"]
[Site "Bratto - Castione della Presolana ITA"]
[Date "2007.08.30"]
[Round "8"]
[White "Madiai, Federico"]
[Black "Andreolini, Mauro"]
[Result "1/2-1/2"]
[WhiteElo "2044"]
[BlackElo "2219"]
[PlyCount "66"]
[EventDate "2007.08.23"]

1. Nf3 d5 2. d4 Nf6 3. c4 dxc4 4. e3 e6 5. Bxc4 c5 6. O-O Nc6 7. Qe2 cxd4 8.
Rd1 Be7 9. exd4 O-O 10. Nc3 Nb4 11. Ne5 a6 12. a3 Nbd5 13. Bg5 Nxc3 14. bxc3
Nd5 15. Bxd5 exd5 16. Bxe7 Qxe7 17. Qf3 Be6 18. c4 f6 19. Nd3 dxc4 20. Nc5 Qd6
21. Nxb7 Qd5 22. Qxd5 Bxd5 23. Nc5 a5 24. f3 Rfe8 25. Kf2 Rab8 26. Rab1 c3 27.
Rdc1 Rxb1 28. Rxb1 Bc4 29. Ne4 Bd3 30. Re1 Bxe4 31. fxe4 Rb8 32. Rc1 Rb2+ 33.
Kf3 Rd2 1/2-1/2

[Event "XXVII Festival Conca della Presolana A"]
[Site "Bratto - Castione della Presolana ITA"]
[Date "2007.08.30"]
[Round "8"]
[White "Manca, Federico"]
[Black "Sbarra, Marco"]
[Result "1-0"]
[WhiteElo "2417"]
[BlackElo "2233"]
[PlyCount "79"]
[EventDate "2007.08.23"]

1. e4 e5 2. Nf3 Nc6 3. d4 exd4 4. Nxd4 Nf6 5. Nxc6 bxc6 6. e5 Qe7 7. Qe2 Nd5 8.
c4 Nb6 9. g3 Qe6 10. b3 a5 11. a4 d5 12. exd6 cxd6 13. Be3 Rb8 14. Bg2 d5 15.
Nd2 Be7 16. Nf3 Bb4+ 17. Bd2 Bxd2+ 18. Nxd2 Qxe2+ 19. Kxe2 O-O 20. Kd3 Bf5+ 21.
Kc3 d4+ 22. Kb2 c5 23. Bc6 Bd7 24. Bb5 Rfe8 25. Rhe1 f5 26. Nf3 Re4 27. Ne5 Rd8
28. Nd3 Rc8 29. f3 Ree8 30. Rxe8+ Bxe8 31. Re1 Bxb5 32. axb5 Kf7 33. Re5 Nd7
34. Rxf5+ Ke6 35. Rd5 Ke7 36. Ka3 a4 37. bxa4 Nb6 38. Re5+ Kd6 39. Kb3 Ra8 40.
Rxc5 1-0

[Event "XXVII Festival Conca della Presolana A"]
[Site "Bratto - Castione della Presolana ITA"]
[Date "2007.08.30"]
[Round "8"]
[White "Massironi, Marco"]
[Black "Stips, Felix"]
[Result "1-0"]
[WhiteElo "2129"]
[BlackElo "2041"]
[PlyCount "39"]
[EventDate "2007.08.23"]

1. e4 c5 2. Nf3 d6 3. d4 cxd4 4. Nxd4 Nf6 5. Nc3 a6 6. Be3 e6 7. g4 e5 8. Nf5
g6 9. g5 gxf5 10. exf5 d5 11. gxf6 d4 12. Bc4 Qc7 13. Qd3 b5 14. Bd5 Bb7 15.
Bxd4 Nd7 16. O-O-O Bxd5 17. Nxd5 Qd6 18. Bxe5 Nxe5 19. Qe4 O-O-O 20. Nb6+ 1-0

[Event "XXVII Festival Conca della Presolana A"]
[Site "Bratto - Castione della Presolana ITA"]
[Date "2007.08.30"]
[Round "8"]
[White "Melotti, Dario"]
[Black "Wall, Gavin"]
[Result "1/2-1/2"]
[WhiteElo "2067"]
[BlackElo "2328"]
[PlyCount "93"]
[EventDate "2007.08.23"]

1. c4 f5 2. Nf3 d6 3. d4 Nf6 4. g3 g6 5. b3 Bg7 6. Bg2 O-O 7. Bb2 c6 8. O-O Na6
9. a3 e5 10. dxe5 Ng4 11. Qc2 Nxe5 12. Nbd2 Qe7 13. b4 Bd7 14. Nd4 f4 15. b5
Nc5 16. a4 fxg3 17. hxg3 Rac8 18. Rad1 Ng4 19. Ne4 Nxe4 20. Bxe4 Qg5 21. Nf3
Qh5 22. Nh4 Bxb2 23. Qxb2 Rf6 24. f3 Qh6 25. f4 g5 26. fxg5 Qxg5 27. Rxf6 Nxf6
28. Bf3 Qxg3+ 29. Ng2 Ng4 30. Qd4 Qh2+ 31. Kf1 Rf8 32. Ke1 Qg3+ 33. Kf1 Rxf3+
34. exf3 Nh2+ 35. Ke2 Qxf3+ 36. Kd2 Qxg2+ 37. Kc1 Qg5+ 38. Kb2 Qg7 39. Qxg7+
Kxg7 40. Rxd6 Be8 41. Rd8 Bf7 42. Rd7 cxb5 43. cxb5 h5 44. Rxb7 h4 45. Rxa7 h3
46. Rxf7+ Kxf7 47. b6 1/2-1/2

[Event "XXVII Festival Conca della Presolana A"]
[Site "Bratto - Castione della Presolana ITA"]
[Date "2007.08.30"]
[Round "8"]
[White "Mogranzini, Roberto"]
[Black "Vezzosi, Paolo"]
[Result "1/2-1/2"]
[WhiteElo "2411"]
[BlackElo "2302"]
[PlyCount "33"]
[EventDate "2007.08.23"]

1. e4 c5 2. Nf3 Nc6 3. d4 cxd4 4. Nxd4 Nf6 5. Nc3 d6 6. Be2 g6 7. O-O Bg7 8.
Nb3 O-O 9. Re1 Be6 10. Bf1 a5 11. a4 Rc8 12. Bg5 Nb4 13. Bb5 h6 14. Bf4 Ng4 15.
h3 Ne5 16. Nd4 Bc4 17. Rb1 1/2-1/2

[Event "XXVII Festival Conca della Presolana A"]
[Site "Bratto - Castione della Presolana ITA"]
[Date "2007.08.30"]
[Round "8"]
[White "Pegoraro, Nicola"]
[Black "Poletti, Fausto"]
[Result "1/2-1/2"]
[WhiteElo "2061"]
[BlackElo "2012"]
[PlyCount "89"]
[EventDate "2007.08.23"]

1. e4 c5 2. Nf3 Nc6 3. d4 cxd4 4. Nxd4 Nf6 5. Nc3 e5 6. Ndb5 d6 7. Bg5 a6 8.
Na3 b5 9. Bxf6 gxf6 10. Nd5 Bg7 11. c3 f5 12. exf5 Bxf5 13. Nc2 O-O 14. Nce3
Be6 15. Bd3 f5 16. O-O Ra7 17. f4 e4 18. Bc2 Kh8 19. Qh5 b4 20. Ba4 Ne7 21.
Nxb4 d5 22. Nbc2 d4 23. cxd4 Bxd4 24. Qh3 Qb6 25. Kh1 Qxb2 26. Rab1 Qc3 27. Bb3
Bxb3 28. Rxb3 Qc5 29. Nxd4 Qxd4 30. g4 fxg4 31. Qxg4 Rg8 32. Qd1 Rd7 33. Qxd4+
Rxd4 34. Rd1 Rxd1+ 35. Nxd1 Nd5 36. f5 Rf8 37. Ne3 Nxe3 38. Rxe3 Rxf5 39. Rxe4
Ra5 40. a4 Kg7 41. h4 Kf6 42. Rb4 Kf5 43. Kh2 Re5 44. Rb6 Ra5 45. Rb4 1/2-1/2

[Event "XXVII Festival Conca della Presolana A"]
[Site "Bratto - Castione della Presolana ITA"]
[Date "2007.08.30"]
[Round "8"]
[White "Pepino, Enrico"]
[Black "Mazzariol, Oscar"]
[Result "1-0"]
[WhiteElo "2153"]
[BlackElo "2035"]
[PlyCount "87"]
[EventDate "2007.08.23"]

1. e4 c5 2. Nf3 e6 3. d4 cxd4 4. Nxd4 Nf6 5. Nc3 d6 6. Be3 a6 7. f3 Be7 8. Qd2
Nc6 9. O-O-O Qc7 10. g4 Nxd4 11. Bxd4 e5 12. Be3 Be6 13. h4 b5 14. g5 Nd7 15.
h5 f6 16. Bh3 Bxh3 17. Rxh3 Nb6 18. Bxb6 Qxb6 19. Nd5 Qc5 20. gxf6 gxf6 21. Rg3
Rc8 22. Qg2 Rf8 23. c3 b4 24. Rg7 Rf7 25. Rg8+ Bf8 26. Rxf8+ Kxf8 27. Rg1 Qxg1+
28. Qxg1 bxc3 29. bxc3 Rb8 30. Qe3 Kg8 31. Qh6 Rbf8 32. Kc2 Kh8 33. a4 Re8 34.
a5 Ref8 35. Qe3 Rb8 36. Qd3 Rb5 37. Nb4 Rxa5 38. Qxd6 Kg7 39. Nxa6 Ra7 40. Nb4
Ra1 41. h6+ Kg6 42. Qe6 Rf1 43. Qf5+ Kxh6 44. Qh3+ 1-0

[Event "XXVII Festival Conca della Presolana A"]
[Site "Bratto - Castione della Presolana ITA"]
[Date "2007.08.30"]
[Round "8"]
[White "Piscopo, Pierluigi"]
[Black "Brun, Dario"]
[Result "0-1"]
[WhiteElo "2392"]
[BlackElo "2207"]
[PlyCount "52"]
[EventDate "2007.08.23"]

1. Nc3 d5 2. e4 d4 3. Nce2 e5 4. Ng3 Be6 5. Nf3 Nd7 6. c3 c5 7. Bb5 Bd6 8. Nh5
Kf8 9. d3 a6 10. Ba4 b5 11. Bc2 f6 12. O-O Qe8 13. Ng3 Ne7 14. a4 h5 15. Bb3 c4
16. Ba2 h4 17. Nf5 Nxf5 18. exf5 Bxf5 19. cxd4 Bxd3 20. dxe5 Nxe5 21. Ne1 Rd8
22. Nxd3 Nxd3 23. Qf3 Qe5 24. g3 hxg3 25. hxg3 Bc5 26. Bd2 Nxf2 0-1

[Event "XXVII Festival Conca della Presolana A"]
[Site "Bratto - Castione della Presolana ITA"]
[Date "2007.08.30"]
[Round "8"]
[White "Pomaro, Alberto"]
[Black "Dvirnyy, Danyyil"]
[Result "0-1"]
[WhiteElo "2149"]
[BlackElo "2365"]
[PlyCount "83"]
[EventDate "2007.08.23"]

1. d4 Nf6 2. c4 g6 3. Nc3 Bg7 4. e4 d6 5. Nf3 O-O 6. Be2 e5 7. O-O Nc6 8. d5
Nb8 9. Ne1 Nbd7 10. Nd3 Ne8 11. Bd2 f5 12. b4 Ndf6 13. f3 f4 14. c5 Rf7 15. a4
h5 16. a5 g5 17. Nf2 Bf8 18. c6 Rg7 19. h3 Kh8 20. cxb7 Bxb7 21. a6 Bc8 22. Nb5
Bd7 23. Rc1 Ng8 24. Qc2 Nh6 25. Qc3 Rh7 26. Be1 Bg7 27. Qa3 Bf6 28. Rc3 Qb8 29.
Qa4 Bd8 30. Bd2 Nf6 31. Be1 Kg8 32. Ra3 Kh8 33. Rc3 Rg7 34. Kh1 Kg8 35. Ra3 g4
36. fxg4 hxg4 37. hxg4 Nhxg4 38. Nxg4 Nxg4 39. Bf2 Rh7+ 40. Kg1 Nxf2 41. Rxf2
Bh4 42. Qa5 0-1

[Event "XXVII Festival Conca della Presolana A"]
[Site "Bratto - Castione della Presolana ITA"]
[Date "2007.08.30"]
[Round "8"]
[White "Ranfagni, Stefano"]
[Black "Zoldan, Matteo"]
[Result "1/2-1/2"]
[WhiteElo "2031"]
[BlackElo "2128"]
[PlyCount "58"]
[EventDate "2007.08.23"]

1. e4 c5 2. Nf3 d6 3. d3 Nc6 4. g3 g6 5. Bg2 Bg7 6. O-O e5 7. c3 Nge7 8. Nbd2
O-O 9. a4 h6 10. Ne1 Be6 11. Nc2 d5 12. Re1 Qd7 13. Qe2 Rad8 14. Nf1 Rfe8 15.
h4 dxe4 16. dxe4 Qd3 17. Qxd3 Rxd3 18. Be3 b6 19. Nh2 Bb3 20. Rec1 Na5 21. Bf1
Rd6 22. Nf3 Red8 23. Be2 Nec6 24. Kf1 Nc4 25. Na3 N6a5 26. Nxc4 Nxc4 27. Bxc4
Bxc4+ 28. Ke1 Bd3 29. Nd2 a5 1/2-1/2

[Event "XXVII Festival Conca della Presolana A"]
[Site "Bratto - Castione della Presolana ITA"]
[Date "2007.08.30"]
[Round "8"]
[White "Ricci, Alfredo"]
[Black "Podini, Francesco"]
[Result "0-1"]
[WhiteElo "2038"]
[BlackElo "2075"]
[PlyCount "56"]
[EventDate "2007.08.23"]

1. e4 c5 2. Nf3 d6 3. d4 cxd4 4. Nxd4 Nf6 5. Bd3 e6 6. O-O Be7 7. Kh1 O-O 8. f4
Qc7 9. Nc3 a6 10. Qe1 Nc6 11. Nxc6 bxc6 12. e5 dxe5 13. fxe5 Nd7 14. Bf4 Nc5
15. Qg3 Nxd3 16. cxd3 Kh8 17. Ne4 Qd7 18. Rf3 Bb7 19. Bg5 c5 20. Nf6 gxf6 21.
exf6 Bd6 22. Qh4 Bxf3 23. Bh6 Bxg2+ 24. Kxg2 Rg8+ 25. Bg7+ Rxg7+ 26. fxg7+ Kg8
27. Qe4 Rb8 28. b3 Qb7 0-1

[Event "XXVII Festival Conca della Presolana A"]
[Site "Bratto - Castione della Presolana ITA"]
[Date "2007.08.30"]
[Round "8"]
[White "Rombaldoni, Axel"]
[Black "Siebrecht, Sebastian"]
[Result "0-1"]
[WhiteElo "2269"]
[BlackElo "2431"]
[PlyCount "80"]
[EventDate "2007.08.23"]

1. e4 c5 2. Nf3 e6 3. d4 cxd4 4. Nxd4 a6 5. Bd3 Nf6 6. O-O d6 7. Kh1 g6 8. f4
Bg7 9. Be3 Nbd7 10. Nd2 Qc7 11. c3 O-O 12. Qe2 b6 13. Bc2 Bb7 14. N4b3 Rfe8 15.
a4 e5 16. f5 d5 17. Bg5 Bc6 18. Rf2 b5 19. exd5 Nxd5 20. axb5 axb5 21. Raf1 Nf4
22. Qg4 Ra2 23. fxg6 hxg6 24. Bxf4 exf4 25. Rxf4 Ne5 26. Qg3 Re7 27. Rb1 Nc4
28. Qf2 Bh6 29. Rh4 Bg5 30. Rh3 Ne3 31. Nf3 Qf4 32. Nbd4 Bd7 33. Rg3 Bh4 34.
Bb3 Bxg3 35. hxg3 Qh6+ 36. Nh4 Ra6 37. Ndf3 g5 38. Ne5 Qf6 39. Qxe3 Rxe5 40.
Qd4 Rd6 0-1

[Event "XXVII Festival Conca della Presolana A"]
[Site "Bratto - Castione della Presolana ITA"]
[Date "2007.08.30"]
[Round "8"]
[White "Rombaldoni, Denis"]
[Black "Romanishin, Oleg M."]
[Result "0-1"]
[WhiteElo "2383"]
[BlackElo "2546"]
[PlyCount "128"]
[EventDate "2007.08.23"]

1. d4 Nf6 2. c4 e6 3. Nf3 b6 4. g3 Ba6 5. Qc2 Bb7 6. Bg2 Bb4+ 7. Nc3 Be4 8. Qb3
Bxc3+ 9. Qxc3 O-O 10. b4 d6 11. O-O Nbd7 12. Bb2 a6 13. Bh3 b5 14. Nd2 bxc4 15.
Nxc4 Nb6 16. Nxb6 cxb6 17. Qa3 Bd5 18. Rfc1 b5 19. Bg2 Bxg2 20. Kxg2 Qd7 21.
Qa5 Qb7+ 22. f3 Nd5 23. Qa3 Nb6 24. Qb3 Nc4 25. a4 d5 26. axb5 Qxb5 27. Bc3
Rfc8 28. Kf2 Qb6 29. Qd1 Nd6 30. Ra5 Nb5 31. Bb2 Rc4 32. Rxc4 dxc4 33. Qa1 f6
34. Kg2 Qb7 35. h4 h5 36. Bc3 Rc8 37. Qc1 Rc6 38. Qe3 Rd6 39. Ra1 Qd5 40. Ra5
Qf5 41. Qc1 Qd5 42. Qc2 Qc6 43. Qg6 Rd5 44. e4 Rd8 45. Bd2 Qb7 46. Bh6 Qf7 47.
Qxf7+ Kxf7 48. Be3 Rd6 49. Kf2 c3 50. e5 Rc6 51. Ra1 c2 52. exf6 gxf6 53. Bc1
Nxd4 54. Ra3 Nb5 55. Ra1 e5 56. Ke1 Rd6 57. Bd2 Nd4 58. Ra3 c1=Q+ 59. Bxc1 Nc2+
60. Ke2 Nxa3 61. Bxa3 Rd4 62. Ke3 Ke6 63. f4 Kf5 64. fxe5 fxe5 0-1

[Event "XXVII Festival Conca della Presolana A"]
[Site "Bratto - Castione della Presolana ITA"]
[Date "2007.08.30"]
[Round "8"]
[White "Salmoiraghi, Angelo"]
[Black "Tramalloni, Luca"]
[Result "1/2-1/2"]
[WhiteElo "2031"]
[BlackElo "2111"]
[PlyCount "51"]
[EventDate "2007.08.23"]

1. e4 e6 2. d4 d5 3. Nc3 Bb4 4. e5 c5 5. a3 Ba5 6. b4 cxd4 7. Qg4 Ne7 8. Qxg7
Rg8 9. Qxh7 Bc7 10. Nb5 Bxe5 11. Nf3 Rh8 12. Qd3 Nbc6 13. Nxa7 Rxa7 14. Nxe5
Nxe5 15. Qxd4 N7c6 16. Bb5 Qf6 17. Bb2 Rh4 18. Bxc6+ bxc6 19. Qxa7 Nf3+ 20.
gxf3 Qxb2 21. Qb8 Qxa1+ 22. Ke2 Qxh1 23. Qxc8+ Ke7 24. Qc7+ Ke8 25. Qc8+ Ke7
26. Qc7+ 1/2-1/2

[Event "XXVII Festival Conca della Presolana A"]
[Site "Bratto - Castione della Presolana ITA"]
[Date "2007.08.30"]
[Round "8"]
[White "Sax, Gyula"]
[Black "Tocchioni, Doriano"]
[Result "1/2-1/2"]
[WhiteElo "2522"]
[BlackElo "2261"]
[PlyCount "73"]
[EventDate "2007.08.23"]

1. e4 c6 2. d4 d5 3. e5 Bf5 4. h4 h6 5. c4 dxc4 6. Bxc4 e6 7. Nc3 Nd7 8. Nge2
Nb6 9. Bb3 Ne7 10. Nf4 Ned5 11. Nfxd5 Nxd5 12. Nxd5 exd5 13. Bc2 Qd7 14. O-O
Bxc2 15. Qxc2 Qg4 16. Qb3 O-O-O 17. Qh3 Qxh3 18. gxh3 Be7 19. h5 b6 20. f4 Kb7
21. Kf2 c5 22. Be3 Rhe8 23. b3 Bf8 24. Rfd1 Re6 25. Rac1 Rc6 26. Kf3 Rcc8 27.
f5 Kc6 28. dxc5 bxc5 29. Bxc5 Bxc5 30. b4 Kb5 31. bxc5 Rxc5 32. Rxc5+ Kxc5 33.
Ke3 d4+ 34. Ke4 d3 35. e6 Rd4+ 36. Ke3 fxe6 37. fxe6 1/2-1/2

[Event "XXVII Festival Conca della Presolana A"]
[Site "Bratto - Castione della Presolana ITA"]
[Date "2007.08.30"]
[Round "8"]
[White "Scalcione, Michelangelo"]
[Black "Drabke, Lorenz Maximilian"]
[Result "1-0"]
[WhiteElo "2288"]
[BlackElo "2416"]
[PlyCount "63"]
[EventDate "2007.08.23"]

1. d4 d6 2. e4 Nf6 3. Nc3 g6 4. f3 c6 5. Nge2 b5 6. Be3 Nbd7 7. Qd2 Bb7 8. g4
Nb6 9. Ng3 Qc7 10. a4 b4 11. Nd1 a5 12. c3 bxc3 13. Nxc3 h5 14. g5 Nfd7 15. Bd3
e6 16. Rc1 Qd8 17. f4 d5 18. f5 dxe4 19. fxe6 exd3 20. Qxd3 fxe6 21. Qxg6+ Ke7
22. d5 Qe8 23. d6+ Kd8 24. Bxb6+ Nxb6 25. Qf6+ Kd7 26. Qxh8 Bxd6 27. Qxe8+ Rxe8
28. Nxh5 Rh8 29. Nf6+ Ke7 30. Nfe4 c5 31. Rf1 Bxh2 32. g6 1-0

[Event "XXVII Festival Conca della Presolana A"]
[Site "Bratto - Castione della Presolana ITA"]
[Date "2007.08.30"]
[Round "8"]
[White "Schaefer, Markus"]
[Black "Moncelli, Giorgio"]
[Result "1-0"]
[WhiteElo "2411"]
[BlackElo "2147"]
[PlyCount "63"]
[EventDate "2007.08.23"]

1. e4 e5 2. Nf3 Nf6 3. Nxe5 d6 4. Nf3 Nxe4 5. c4 Be7 6. d4 O-O 7. Be2 d5 8. O-O
c6 9. Nc3 Nf6 10. Qb3 b6 11. cxd5 cxd5 12. Ne5 Bb7 13. Bf3 Nc6 14. Nxc6 Bxc6
15. Bg5 Qd7 16. Rfe1 Rad8 17. Re5 h6 18. Bh4 g5 19. Bg3 Bd6 20. Re3 Bxg3 21.
hxg3 Rfe8 22. Rae1 Rxe3 23. Rxe3 Re8 24. Rxe8+ Qxe8 25. Qd1 Qe7 26. a3 Qe6 27.
Qd2 Kg7 28. Bd1 Ne4 29. Qe3 Qd6 30. Bc2 Qe6 31. Bxe4 dxe4 32. d5 1-0

[Event "XXVII Festival Conca della Presolana A"]
[Site "Bratto - Castione della Presolana ITA"]
[Date "2007.08.30"]
[Round "8"]
[White "Spassov, Liuben D."]
[Black "Qendro, Llambi"]
[Result "1/2-1/2"]
[WhiteElo "2383"]
[BlackElo "2386"]
[PlyCount "35"]
[EventDate "2007.08.23"]

1. d4 g6 2. c4 Bg7 3. e4 d6 4. Nc3 e5 5. Nf3 exd4 6. Nxd4 Ne7 7. Be3 Nbc6 8. h4
f5 9. h5 fxe4 10. Nxc6 Nxc6 11. hxg6 hxg6 12. Rxh8+ Bxh8 13. Qd2 Bf5 14. O-O-O
Qd7 15. Bg5 Nb4 16. Be2 Bxc3 17. bxc3 Nc6 18. g4 1/2-1/2

[Event "XXVII Festival Conca della Presolana A"]
[Site "Bratto - Castione della Presolana ITA"]
[Date "2007.08.30"]
[Round "8"]
[White "Testa, Adriano"]
[Black "Barlocco, Carlo"]
[Result "0-1"]
[WhiteElo "1927"]
[BlackElo "2116"]
[PlyCount "178"]
[EventDate "2007.08.23"]

1. e4 c5 2. Nf3 d6 3. d4 Nf6 4. dxc5 Qa5+ 5. c3 Qxc5 6. Bd3 g6 7. O-O Bg7 8.
Be3 Qc7 9. h3 O-O 10. Na3 a6 11. Re1 Nbd7 12. Nc2 Nc5 13. Bxc5 Qxc5 14. Ne3 b5
15. Nf1 Nh5 16. Bc2 Bb7 17. Bb3 Rfc8 18. Qd2 Rc7 19. Rad1 a5 20. a3 Bc6 21. Nd4
Be8 22. Ne3 Rb8 23. Nd5 Ra7 24. Kh1 e6 25. Ne3 b4 26. axb4 axb4 27. c4 Nf6 28.
Qd3 Qb6 29. Re2 Nd7 30. Red2 Nc5 31. Qc2 Bxd4 32. Rxd4 Nxb3 33. Rxd6 Qc7 34.
Qxb3 Ba4 35. Qd3 Bxd1 36. Qxd1 Ra2 37. Ng4 Ra1 38. Nf6+ Kg7 39. Qxa1 Qxd6 40.
b3 e5 41. Nd5 Rf8 42. c5 Qxc5 43. Qxe5+ f6 44. Qf4 Qd4 45. Qc7+ Rf7 46. Qc2 f5
47. f3 fxe4 48. Qxe4 Qxe4 49. fxe4 Rf1+ 50. Kh2 Rb1 51. Nxb4 Rxb3 52. Nc2 Kf6
53. Nd4 Re3 54. Nf3 Rxe4 55. Kg3 Ra4 56. Kf2 Kf5 57. Kg3 Ra3 58. Kh2 Kf4 59.
Nd4 Re3 60. Nc6 Re4 61. Na5 Rb4 62. Nc6 Ra4 63. Nd8 Kf5 64. Nf7 h5 65. Nd6+ Ke5
66. Nf7+ Kf4 67. Nd6 Rb4 68. Nc8 Re4 69. Nd6 Re2 70. Nb5 Ke5 71. Nc3 Re1 72.
Na2 Kd4 73. Nb4 Rc1 74. Na6 Rc4 75. Nb8 Kd5 76. Nd7 Rc6 77. Nf8 g5 78. Kg3 Rd6
79. Nh7 Rg6 80. h4 g4 81. Kf4 Kd4 82. Ng5 Rf6+ 83. Kg3 Ke5 84. Nh7 Ra6 85. Ng5
Ra3+ 86. Kh2 Re3 87. Nf7+ Kf4 88. Nh8 Re6 89. Nf7 g3+ 0-1

[Event "XXVII Festival Conca della Presolana A"]
[Site "Bratto - Castione della Presolana ITA"]
[Date "2007.08.30"]
[Round "8"]
[White "Tiviakov, Sergei"]
[Black "Aagaard, Jacob"]
[Result "1/2-1/2"]
[WhiteElo "2648"]
[BlackElo "2467"]
[PlyCount "76"]
[EventDate "2007.08.23"]

1. e4 c5 2. Nc3 e6 3. f4 d5 4. Nf3 dxe4 5. Nxe4 Be7 6. d4 cxd4 7. Qxd4 Qxd4 8.
Nxd4 a6 9. g3 Bd7 10. Bg2 Nc6 11. Be3 Nh6 12. O-O-O Rc8 13. Rhe1 Nxd4 14. Bxd4
Nf5 15. Bc3 Bc6 16. g4 Nh4 17. Bxg7 Nxg2 18. Bxh8 Nxe1 19. Rxe1 Bxe4 20. Rxe4
f6 21. Bg7 Kf7 22. Bh6 f5 23. gxf5 exf5 24. Re3 Rg8 25. Rh3 Rg1+ 26. Kd2 Kg6
27. a4 Rg4 28. Ke3 Rg2 29. Kd3 Rg4 30. Re3 Kf7 31. b3 Bh4 32. Re5 Bf6 33. Rxf5
Kg6 34. Ke4 Rg1 35. Rxf6+ Kxf6 36. Bg5+ Kg6 37. h4 Re1+ 38. Kd4 h6 1/2-1/2

[Event "XXVII Festival Conca della Presolana A"]
[Site "Bratto - Castione della Presolana ITA"]
[Date "2007.08.30"]
[Round "8"]
[White "Valenti, Giuseppe"]
[Black "Zimina, Olga"]
[Result "0-1"]
[WhiteElo "2221"]
[BlackElo "2377"]
[PlyCount "114"]
[EventDate "2007.08.23"]

1. e4 e5 2. Nf3 Nc6 3. Bb5 a6 4. Ba4 Nf6 5. O-O b5 6. Bb3 Bc5 7. c3 d6 8. d4
Bb6 9. h3 O-O 10. Re1 h6 11. a4 Bb7 12. axb5 axb5 13. Rxa8 Qxa8 14. d5 Na5 15.
Bc2 c6 16. dxc6 Bxc6 17. Qe2 Re8 18. Nh4 d5 19. exd5 Bxd5 20. Qd3 Qa7 21. Be3
e4 22. Qd1 Bxe3 23. fxe3 Nc4 24. Qd4 Qxd4 25. cxd4 Nxb2 26. Nc3 Rc8 27. Nxd5
Rxc2 28. Nxf6+ gxf6 29. Nf5 b4 30. d5 Nd3 31. Rb1 Kf8 32. d6 Ke8 33. Kh2 Rc1
34. Rb3 Rc3 35. Rb1 Rc1 36. Rb3 Rc3 37. Rb1 b3 38. Ra1 b2 39. Ra8+ Kd7 40. Ra7+
Kd8 41. Rb7 Rc1 42. Rb8+ Kd7 43. Rb7+ Kc8 44. d7+ Kxb7 45. d8=Q b1=Q 46. Qd5+
Kc7 47. Qa5+ Kb8 48. Qd8+ Kb7 49. Qd5+ Kb6 50. Qd6+ Ka5 51. Qa3+ Kb5 52. Nd4+
Kc4 53. Qa6+ Kc3 54. Ne2+ Kd2 55. Nxc1 Nxc1 56. Qxf6 Qb8+ 57. g3 Ne2 0-1